<?xml version="1.0" encoding="UTF-8"?>
<record
    xmlns:xsi="http://www.w3.org/2001/XMLSchema-instance"
    xsi:schemaLocation="http://www.loc.gov/MARC21/slim http://www.loc.gov/standards/marcxml/schema/MARC21slim.xsd"
    xmlns="http://www.loc.gov/MARC21/slim">

  <leader>01691    a2200217   4500</leader>
  <controlfield tag="001">33574</controlfield>
  <controlfield tag="005">20260407155627.0</controlfield>
  <controlfield tag="008">260407a1973    arg                 spa d</controlfield>
  <controlfield tag="003">AR-UNSa-BCEJYS</controlfield>
  <datafield tag="040" ind1=" " ind2=" ">
    <subfield code="a">AR-UNSa-BCEJYS</subfield>
    <subfield code="b">spa</subfield>
    <subfield code="c">AR-UNSa-BCEJYS</subfield>
  </datafield>
  <datafield tag="080" ind1=" " ind2=" ">
    <subfield code="a">658.312.5</subfield>
    <subfield code="x">Evaluaci&#xF3;n de desempe&#xF1;o</subfield>
  </datafield>
  <datafield tag="245" ind1="1" ind2="0">
    <subfield code="a">Evaluaci&#xF3;n de tareas y administraci&#xF3;n de remuneraciones</subfield>
  </datafield>
  <datafield tag="250" ind1=" " ind2=" ">
    <subfield code="a">2a. ed.</subfield>
  </datafield>
  <datafield tag="264" ind1=" " ind2="1">
    <subfield code="a">Buenos Aires :</subfield>
    <subfield code="b">Ediciones Contabilidad Moderna</subfield>
    <subfield code="c">1973</subfield>
  </datafield>
  <datafield tag="300" ind1=" " ind2=" ">
    <subfield code="a">397 p.</subfield>
    <subfield code="c">23 cm.</subfield>
  </datafield>
  <datafield tag="505" ind1=" " ind2=" ">
    <subfield code="a">Primera Parte: Evaluaci&#xF3;n de tareas. 1. La administraci&#xF3;n de personal - 2. La empresa y las remuneraciones - 3. Evaluaci&#xF3;n de tareas - 4. Procesos generales - 5. Sistema de jerarquizaci&#xF3;n - 6. Sistema de clasificaci&#xF3;n - 7. Sistema de comparaci&#xF3;n por factores - 8. Sistema de clasificaci&#xF3;n por puntos - 9. An&#xE1;lisis y ponderaci&#xF3;n del manual - 10. Descripci&#xF3;n, valoraci&#xF3;n y escala en el sistema de puntos - 11. Otros sistemas de evaluaci&#xF3;n - 12. Evaluaci&#xF3;n de puestos gerenciales - 13. La evaluaci&#xF3;n de tareas y los sindicatos -- Segunda Parte: Administraci&#xF3;n de remuneraciones. 1. Historia de la remuneraci&#xF3;n - 2. Teorias y conceptos de la remuneraci&#xF3;n - 3. M&#xE9;todos para la fijaci&#xF3;n de la remuneraci&#xF3;n - 4. Criterios y elementos de la renumeraci&#xF3;n - 5. La remuneraci&#xF3;n a nivel nacional - 6. Remuneraci&#xF3;n por rendimiento - 7. Remuneraci&#xF3;n por rendimiento - 8. La participaci&#xF3;n del personal en los resultados - 9. Sistema de estructura de remuneraciones - 10. Administraci&#xF3;n de remuneraciones - 11. Beneficios - 12. Los sindicatos y la remuneraci&#xF3;n</subfield>
  </datafield>
  <datafield tag="041" ind1=" " ind2=" ">
    <subfield code="a">spa</subfield>
  </datafield>
  <datafield tag="942" ind1=" " ind2=" ">
    <subfield code="c">BK</subfield>
  </datafield>
  <datafield tag="590" ind1=" " ind2=" ">
    <subfield code="a">niveau_biblio:m niveau_hierar:0</subfield>
  </datafield>
  <datafield tag="100" ind1="1" ind2=" ">
    <subfield code="a">Maristany, Jaime</subfield>
  </datafield>
  <datafield tag="999" ind1=" " ind2=" ">
    <subfield code="c">2370</subfield>
    <subfield code="d">2370</subfield>
  </datafield>
  <datafield tag="952" ind1=" " ind2=" ">
    <subfield code="0">0</subfield>
    <subfield code="1">0</subfield>
    <subfield code="4">0</subfield>
    <subfield code="7">0</subfield>
    <subfield code="a">BCEJYS</subfield>
    <subfield code="b">BCEJYS</subfield>
    <subfield code="c">16</subfield>
    <subfield code="d">2026-04-07</subfield>
    <subfield code="l">0</subfield>
    <subfield code="o">658.312.5 M332e 2ed.</subfield>
    <subfield code="p">L28563</subfield>
    <subfield code="r">2026-04-07 15:56:27</subfield>
    <subfield code="w">2026-04-07</subfield>
    <subfield code="y">L</subfield>
  </datafield>
  <datafield tag="952" ind1=" " ind2=" ">
    <subfield code="0">0</subfield>
    <subfield code="1">0</subfield>
    <subfield code="4">0</subfield>
    <subfield code="7">0</subfield>
    <subfield code="a">BCEJYS</subfield>
    <subfield code="b">BCEJYS</subfield>
    <subfield code="c">16</subfield>
    <subfield code="d">2026-04-07</subfield>
    <subfield code="l">0</subfield>
    <subfield code="o">658.312.5 M332e 2ed.</subfield>
    <subfield code="p">L53079</subfield>
    <subfield code="r">2026-04-07 15:56:27</subfield>
    <subfield code="w">2026-04-07</subfield>
    <subfield code="y">L</subfield>
  </datafield>
  <datafield tag="952" ind1=" " ind2=" ">
    <subfield code="0">0</subfield>
    <subfield code="1">0</subfield>
    <subfield code="4">0</subfield>
    <subfield code="7">0</subfield>
    <subfield code="a">BCEJYS</subfield>
    <subfield code="b">BCEJYS</subfield>
    <subfield code="c">16</subfield>
    <subfield code="d">2026-04-07</subfield>
    <subfield code="l">0</subfield>
    <subfield code="o">658.312.5 M332e 2ed.</subfield>
    <subfield code="p">L53080</subfield>
    <subfield code="r">2026-04-07 15:56:27</subfield>
    <subfield code="w">2026-04-07</subfield>
    <subfield code="y">L</subfield>
  </datafield>
  <datafield tag="952" ind1=" " ind2=" ">
    <subfield code="0">0</subfield>
    <subfield code="1">0</subfield>
    <subfield code="4">0</subfield>
    <subfield code="7">0</subfield>
    <subfield code="a">BCEJYS</subfield>
    <subfield code="b">BCEJYS</subfield>
    <subfield code="c">16</subfield>
    <subfield code="d">2026-04-07</subfield>
    <subfield code="l">0</subfield>
    <subfield code="o">658.312.5 M332e 2ed.</subfield>
    <subfield code="p">L33043</subfield>
    <subfield code="r">2026-04-07 15:56:27</subfield>
    <subfield code="w">2026-04-07</subfield>
    <subfield code="y">L</subfield>
  </datafield>
</record>
